Normal view MARC view

Entry Nombre corporativo

Number of records used in: 1

001 - NÚMERO DE CONTROL

  • campo de control: 28125

003 - IDENTIFICADOR DE NÚMERO DE CONTROL

  • campo de control: OSt

005 - FECHA Y HORA DE LA ÚLTIMA TRANSACCIÓN

  • campo de control: 20221005160757.0

008 - ELEMENTOS DE DATO DE LONGITUD-FIJA

  • campo de control de longitud fija: 221005|| aca||aabn | a|a d

040 ## - FUENTE DE CATALOGACIÓN

  • Centro catalogador/agencia de origen: OSt
  • Centro/agencia transcriptor: OSt

110 ## - ENCABEZAMIENTO-NOMBRE DE ENTIDAD CORPORATIVA

  • Nombre de entidad corporativa o nombre de jurisdicción como elemento de entrada: CENTRAL OBRERA BOLIVIANA
  • Sede del congreso/Lugar de la reunión: La Paz

670 ## - FUENTE DE DATOS ENCONTRADOS

  • Cita de la fuente: Work cat.: (OSt)36293: SEMINARIO NACIONAL CONSTRUYENDO LA CULTURA DE LA SALUD LABORAL Y MEDIO AMBIENTE EN BOLIVIA Cochabamba, Bolivia 2005 28124, Construyendo la cultura de la salud laboral y medio ambiente en Bolivia, 2005

Powered by Koha